000 00714nam a2200289Ia 4500
005 20260324130416.0
008 008 260324s9999 xx 000 0 eng d
020 _a9780429241307
037 _aEBOOK
040 _aCRL
040 _beng
040 _cCRL
041 _2eng
041 _aeng
084 _qCRL
100 _aCigdem Kagitcibasi
_91000017
245 0 _aFamily, Self, and Human Development Across Cultures
245 0 _bTheory and Applications, Second Edition
260 _bTaylor and Francis
260 _c2007
365 _a
365 _b240
856 _uhttp://www.taylorfrancis.com/books/9780429241307
942 _cEBOOK
999 _c1777818
_d1777818